000 00613nam a2200229Ia 4500
003 OSt
005 20221005130511.0
006 a|||||r|||| 00| 0
007 ta
008 221004b |||||||| |||| 00| 0 san d
024 _a50734
037 _cTextual
040 _aCRL
_cCRL
_bsan
041 _2san
_asan
082 _aQ11:21:90P15:A:12, 15K4
100 _aSatyavrata Co.
_9638242
245 0 _aRgvediya jatalakhsanam ed by Venkataram Sastri
260 _c1964
650 _aRELIGION
942 _hQ11:21:90P15:A:12, 15K4
_cTEXL
_2cc
999 _c1057462
_d1057462